Tuyển tập truyện ngắn
Zapisane w:
| 1. autor: | |
|---|---|
| Kolejni autorzy: | |
| Format: | Książka |
| Język: | Vietnamese |
| Wydane: |
H.
Nxb. Hội Nhà Văn
2000
|
| Hasła przedmiotowe: | |
| Etykiety: |
Dodaj etykietę
Nie ma etykietki, Dołącz pierwszą etykiete!
|
| Thư viện lưu trữ: | Mạng thư viện Đại học Đà Nẵng |
|---|
| LEADER | 01026nam a2200325 4500 | ||
|---|---|---|---|
| 001 | 000014671 | ||
| 003 | 11041 | ||
| 005 | 20120511080503.0 | ||
| 008 | 120511s2000 viesd | ||
| 020 | |c 31000đ | ||
| 041 | 0 | |a vie | |
| 082 | |a 895.63 |b RI-A | ||
| 100 | 0 | |a Akutagava | |
| 245 | 0 | |a Tuyển tập truyện ngắn |c Akutagava; Phong Vũ dịch |c Akutagava | |
| 260 | |a H. |b Nxb. Hội Nhà Văn |c 2000 | ||
| 300 | |a 357tr. |c 19 cm | ||
| 653 | |a Nhật Bản | ||
| 653 | |a truyện ngắn | ||
| 653 | |a văn học hiện đại | ||
| 700 | |a Phong Vũ |e dịch | ||
| OWN | |a LSP | ||
| AVA | |a UDN50 |b LSP |d 895.63 RI-A |e available |t Error 5001 Not defined in file expand_doc_bib_avail. |f 2 |g 0 |h N |i 0 |k 1 | ||
| 999 | |a From the UDN01 | ||
| AVA | |a UDN50 |b LSP |d 895.63 RI-A |e available |t Error 5001 Not defined in file expand_doc_bib_avail. |f 2 |g 0 |h N |i 0 |k 1 | ||
| TYP | |a Monograph | ||
| TYP | |a Printed language | ||
| 980 | |a Mạng thư viện Đại học Đà Nẵng | ||